Statistiques concernant Les villes les plus peuplées de Meuse

Cliquez ici pour prendre le quiz!

Statistiques générales

  • Ce quiz a été pris 257 fois
  • Le résultat moyen est 8 sur 20

Statistiques - réponses

PopulationVille% Correct
16 939Bar-le-Duc
99%
19 624Verdun
99%
6 322Commercy
85%
5 251Saint-Mihiel
61%
3 711Étain
54%
5 036Ligny-en-Barrois
53%
2 966Stenay
48%
2 260Montmédy
42%
2 293Vaucouleurs
41%
1 574Void-Vacon
37%
3 660Revigny-sur-Ornain
32%
2 746Thierville-sur-Meuse
32%
3 137Belleville-sur-Meuse
30%
1 767Clermont-en-Argonne
30%
2 725Ancerville
23%
2 816Bouligny
17%
2 292Fains-Véel
17%
1 419Euville
13%
2 036Tronville-en-Barrois
10%
1 716Cousances-les-Forges
8%

Distribution des résultats

Percentile par nombre de réponses

% des personnes avec chaque résultat

Votre développement - résultats

Vous n’avez pas pris ce quiz